书目信息 |
| 题名: |
小额信贷与中国扶贫
|
|
| 作者: | 徐鲜梅 著 | |
| 分册: | ||
| 出版信息: | 北京 中国妇女出版社 1998 |
|
| 页数: | 470页 | |
| 开本: | 20cm | |
| 丛书名: | ||
| 单 册: | ||
| 中图分类: | F832.43 , F320 , G4 | |
| 科图分类: | ||
| 主题词: | 农贷--研究--中国 , 农贷 , 农村经济政策--中国 , 农村经济政策 , 教育 | |
| 电子资源: | ||
| ISBN: | 7-80131-241-4 | |
| 000 | 00734nam0 2200277 450 | |
| 001 | 1573190600 | |
| 005 | 20151110140950.06 | |
| 010 | @a7-80131-241-4@dCNY36.00 | |
| 100 | @a19990320d1998 kemy0chiy0110 ea | |
| 101 | 0 | @achi |
| 102 | @aCN@b110000 | |
| 105 | @ay z 000yy | |
| 200 | 1 | @a小额信贷与中国扶贫@9xiao e xin dai yu zhong guo fu pin@e经验与思考@f徐鲜梅等著 |
| 210 | @a北京@c中国妇女出版社@d1998 | |
| 215 | @a470页@d20cm | |
| 606 | 0 | @a农贷@x研究@y中国 |
| 606 | 0 | @a农贷 |
| 606 | 0 | @a农村经济政策@y中国 |
| 606 | 0 | @a农村经济政策 |
| 606 | 0 | @a教育 |
| 690 | @aF832.43@v5 | |
| 690 | @aF320@v5 | |
| 690 | @aG4@v4 | |
| 701 | 0 | @a徐鲜梅@9xu xian mei@4著 |
| 801 | 0 | @aCN@bTSSF@c20150204 |
| 905 | @aZUCC@dG4@eJY617 | |
| 小额信贷与中国扶贫:经验与思考/徐鲜梅等著.-北京:中国妇女出版社,1998 |
| 470页;20cm |
| ISBN 7-80131-241-4:CNY36.00 |
| ● |
| 相关链接 |
|
|
|
|
正题名:小额信贷与中国扶贫
索取号:G4/JY617
 
预约/预借
| 序号 | 登录号 | 条形码 | 馆藏地/架位号 | 状态 | 备注 |
| 1 | 7865675 | 278656759 | 学院路分馆/ [索取号:G4/JY617] | 在馆 |